Qué es trabajo social?

Furkejuvvon:
Bibliográfalaš dieđut
Váldodahkkit: Pizarro Contador, Eloísa (Dahkki), Jofré Vidal, María Edith (Dahkki), Quiroz, Tereza (Dahkki)
Materiálatiipa: Girji
Giella:espánnjágiella
Almmustuhtton: Valparaíso Ediciones Universitarias de Valparaíso 1972
Preanttus:1a. ed
Ráidu:Ensayos de Trabajo Social, 1
Fáttát:
Fáddágilkorat: Lasit fáddágilkoriid
Eai fáddágilkorat, Lasit vuosttaš fáddágilkora!

MARC

LEADER 00000cam a2200000 a 4500
001 UCJ4730
003 CL-VaPUC
008 070124e19720000CL |||||||||||||||||spa|d
082 0 4 |a 303  |b PIZ  |2 21 
100 0 |a Pizarro Contador, Eloísa  |e author  |9 508933 
700 |a Jofré Vidal, María Edith  |e author  |9 773831 
700 0 |a Quiroz, Tereza  |e author  |9 508935 
245 1 0 |a Qué es trabajo social? 
250 |a 1a. ed 
300 |a 62 p 
942 |c BK 
945 |d 20070124 00:00:00  |a rinostro 
260 |a Valparaíso  |b Ediciones Universitarias de Valparaíso  |c 1972 
600 0 7 |a EDICIONES UNIVERSITARIAS DE VALPARAISO  |2 CL-VaPUC  |9 504560 
650 0 |a Trabajo social   |9 307856 
650 7 |a SOCIALISMO MARXISTA  |2 CL-VaPUC  |9 508936 
583 |a last modification  |c 20130715 12:44:45  |k Rodrigo Vera 
490 0 |a Ensayos de Trabajo Social, 1 
999 |c 320845  |d 320843 
952 |0 0  |1 0  |4 0  |6 303_000000000000000_PIZ_1972  |7 0  |8 X  |9 399451  |a FDOBUD  |b FDOBUD  |d 2019-11-22  |i 1023896  |o 303 PIZ 1972  |p 1023896  |r 2019-11-22  |w 2019-11-22  |y BK_X  |k FHP